00299nam a22001217a 4500020001800000040000900018082001700027100002100044245002600065250001600091260004400107650002600151 a9788126541904 cNUST a621.3813 POZ aPozar, David M.  aMicrowave Engineering a4th Edition aNew Dehli:bJohn Wiley & Sons, ,c2012. aMicrowave Engineering